=LDR 00000nam 2200000 4500 =001 INLIS000000000026915 =005 20130612125329 =008 ***********************************Ind** =035 ##$$0010-061300000026915 =041 ##$$a Ind =082 ##$$a 2x5.1 =090 ##$$a 2x5.1, Ami p =100 ##$$a Amir, Syafruddin =245 ##$$a Percikan cinta dari gelap menjadi terang dari sempit menjadi lapang, H. Syafruddin Amir ; editor, Dhini Islamiati =260 ##$$a 2006 $b Bandung =300 ##$$a xx, 244 hlm, ilus, 18 cm =650 ##$$a Akhlak Muslim =700 ##$$a Islamiati, Dhini =850 ##$$a NBPNMAT